Times-Chambers learners' dictionary : an intermediate dictionary for learners of English (Record no. 61237)
[ view plain ]
| 000 -LEADER | |
|---|---|
| fixed length control field | 00750nam a22001937a 4500 |
| 003 - CONTROL NUMBER IDENTIFIER | |
| control field | NUST-PNEC |
| 005 - DATE AND TIME OF LATEST TRANSACTION | |
| control field | 20170116180717.0 |
| 008 - FIXED-LENGTH DATA ELEMENTS--GENERAL INFORMATION | |
| fixed length control field | 141022b xxu||||| |||| 00| 0 eng d |
| 020 ## - INTERNATIONAL STANDARD BOOK NUMBER | |
| International Standard Book Number | 9810137095 |
| 040 ## - CATALOGING SOURCE | |
| Transcribing agency | PNEC |
| 082 ## - DEWEY DECIMAL CLASSIFICATION NUMBER | |
| Classification number | 423 SCH |
| 100 ## - MAIN ENTRY--PERSONAL NAME | |
| 9 (RLIN) | 748 |
| Personal name | Schwarz Catherine |
| 245 ## - TITLE STATEMENT | |
| Title | Times-Chambers learners' dictionary : an intermediate dictionary for learners of English |
| Statement of responsibility, etc. | Catherine Schwarz; M A Seaton; John Rader Platt |
| 260 ## - PUBLICATION, DISTRIBUTION, ETC. | |
| Place of publication, distribution, etc. | Singapore : |
| Name of publisher, distributor, etc. | Federal Publications, |
| Date of publication, distribution, etc. | c.1989. |
| 300 ## - PHYSICAL DESCRIPTION | |
| Extent | 687 p. : |
| Other physical details | ill. ; |
| Dimensions | 20 cm. |
| 500 ## - GENERAL NOTE | |
| General note | https://www.worldcat.org/title/times-chambers-learners-dictionary-an-intermediate-dictionary-for-learners-of-english/oclc/220731997&referer=brief_results |
| 650 ## - SUBJECT ADDED ENTRY--TOPICAL TERM | |
| General subdivision | Dictionaries. |
| 942 ## - ADDED ENTRY ELEMENTS (KOHA) | |
| Source of classification or shelving scheme | |
| Koha item type | Book |
| Withdrawn status | Lost status | Source of classification or shelving scheme | Damaged status | Not for loan | Permanent Location | Current Location | Shelving location | Date acquired | Source of acquisition | Cost, normal purchase price | Total Checkouts | Full call number | Barcode | Date last seen | Cost, replacement price | Price effective from | Koha item type |
|---|---|---|---|---|---|---|---|---|---|---|---|---|---|---|---|---|---|
| Pakistan Navy Engineering College (PNEC) | Pakistan Navy Engineering College (PNEC) | Reference | 06/11/1994 | Paramount Publishing Enterprise | 148.00 | 423 SCH | PNECLIB-017514 | 10/22/2014 | 148.00 | 06/11/1994 | Book |
